| 000 | 01607nam0a2200361 4500 | ||
|---|---|---|---|
| 001 | RU\NLR\BIBL_A\022742438 | ||
| 005 | 20260503064423.0 | ||
| 010 |
_a978-5-04-224056-0 _96000 |
||
| 021 |
_aRU _bКН-П-26-000604 _9КН-П-26-0055 |
||
| 035 | _a(NLR Aleph) 022742438 | ||
| 090 |
_a13699922 _c13699922 |
||
| 100 | _a20260303d2025 u y0rusy50 ca | ||
| 101 | 1 |
_arus _ceng |
|
| 102 | _aRU | ||
| 105 | _aac z 000ay | ||
| 181 | 0 |
_ai _baxxe |
|
| 182 | 0 | _an | |
| 200 | 1 |
_aПлатье цвета полуночи _fТерри Пратчетт _gперевод с английского Светланы Лихачевой _gиллюстрации Полины Граф |
|
| 203 |
_aТекст _bвизуальный _cнепосредственный |
||
| 210 |
_aМосква _cЭксмо _d2025 |
||
| 215 |
_a444, [1] с., [1] л. цв. ил., портр. _cил. _d21 |
||
| 225 | 1 |
_aСерия "Магия Терри Пратчетта в иллюстрациях Полины Граф" _fпод редакцией Евгении Сафоновой |
|
| 311 | _aЦикл "Плоский мир" | ||
| 320 | _aДругие кн. авт. на 2-й с. | ||
| 333 | _a16+ | ||
| 488 | 0 |
_12001#$aПлоский мир$eцикл _tПлоский мир |
|
| 686 | 1 | _aШ6(4Вл)67-445{Лх1299-62} | |
| 700 | 1 |
_7ca _8rus _aПратчетт _bТ. _f1948-2015 _gТерри _922947 _3RU\NLR\AUTH\7739986 |
|
| 702 | 1 |
_4440 _7ca _8rus _aГраф _bП. _f1998- _gПолина _9248413 _3RU\NLR\AUTH\770248469 |
|
| 942 | _cBOOK | ||
| 980 | _aNB | ||